[Event "Corbins Lleida Nadal op"]
[Site "Corbins"]
[Date "2023.12.29"]
[Round "5"]
[White "Romeu Viladot, Emili"]
[Black "Codina Garcia, Jose"]
[Result "1/2-1/2"]
[WhiteElo "1979"]
[BlackElo "1835"]
[PlyCount "63"]
[EventDate "2023.12.27"]
[EventType "swiss"]
[EventRounds "8"]
[EventCountry "ESP"]
[SourceTitle "CB02_2024"]
[SourceDate "2024.01.10"]
[SourceVersion "1"]
[SourceVersionDate "2024.01.10"]
[SourceQuality "1"]

1. d4 e6 2. c4 Nf6 3. Nc3 Bb4 4. e3 0-0 5. Bd3 d5 6. cxd5 exd5 7. Nge2 Re8 8. 0-0 c6 9. Bd2 Bd6 10. Qc2 h6 11. f3 c5 12. Nb5 c4 13. Bf5 Bf8 14. Ng3 a6 15. Nc3 Nc6 16. a3 b5 17. Rad1 Bxf5 18. Qxf5 g6 19. Qf4 Bg7 20. Kh1 Qb6 21. e4 Ne7 22. e5 Nh7 23. Qh4 h5 24. Nce2 a5 25. f4 f5 26. exf6 Bxf6 27. Qh3 h4 28. f5 hxg3 29. fxg6 Nxg6 30. Qg4 Bg7 31. Nxg3 Re6 32. Qf5 1/2-1/2

[Event "Foment Martinenc op-A 23rd"]
[Site "Barcelona"]
[Date "2023.06.10"]
[Round "8"]
[White "Carrasco Holgado, David"]
[Black "Romeu Viladot, Emili"]
[Result "1-0"]
[WhiteElo "2154"]
[BlackElo "1930"]
[PlyCount "105"]
[EventDate "2023.04.22"]
[EventType "swiss"]
[EventRounds "9"]
[EventCountry "ESP"]
[SourceTitle "EXT 2024"]
[Source "ChessBase"]
[SourceDate "2023.10.10"]
[SourceVersion "1"]
[SourceVersionDate "2023.10.10"]
[SourceQuality "1"]

1. e4 c5 2. c3 d5 3. exd5 Qxd5 4. d4 Nc6 5. Nf3 Bf5 6. Be3 cxd4 7. Nxd4 Nf6 8. Nxf5 Qxf5 9. Qf3 Qxf3 10. gxf3 e6 11. Bb5 Nd5 12. Nd2 a6 13. Ba4 b5 14. Bc2 Rc8 15. Ke2 f5 16. f4 Bd6 17. Kf3 Nce7 18. Bb3 Ng6 19. Bxd5 exd5 20. Rhd1 Nh4+ 21. Ke2 Ng2 22. Nf3 Nxf4+ 23. Bxf4 Bxf4 24. Rxd5 0-0 25. Rad1 b4 26. R5d4 Rfe8+ 27. Kd3 Rcd8 28. cxb4 Be5 29. Rxd8 Rxd8+ 30. Kc2 Rxd1 31. Kxd1 Bxb2 32. Kc2 Bf6 33. Kd3 g5 34. Nd4 f4 35. Ne6 Kf7 36. Nc7 h5 37. Nxa6 Ke6 38. Ke4 Be5 39. Nc5+ Kd6 40. Nd3 Bf6 41. Kf5 Bd8 42. Ne5 Kd5 43. Nf7 Bb6 44. Nxg5 Bxf2 45. Nh3 Be1 46. Nxf4+ Kc4 47. a3 h4 48. h3 Kb3 49. Nd3 Bg3 50. Ne5 Kxa3 51. b5 Bf2 52. b6 Kb3 53. b7 1-0

[Event "ESP-chT CECLUB Div2"]
[Site "Linares"]
[Date "2022.08.25"]
[Round "5.6"]
[White "Castell Cantero, Salvador"]
[Black "Romeu Viladot, Emili"]
[Result "1/2-1/2"]
[WhiteElo "2222"]
[BlackElo "1960"]
[PlyCount "61"]
[EventDate "2022.08.22"]
[EventType "team-swiss"]
[EventRounds "7"]
[EventCountry "ESP"]
[SourceTitle "CBM 209 Extra"]
[Source "ChessBase"]
[SourceDate "2022.09.30"]
[SourceVersion "1"]
[SourceVersionDate "2022.09.30"]
[SourceQuality "1"]
[WhiteTeam "Agora Megaescacs"]
[BlackTeam "Llinars"]
[WhiteTeamCountry "ESP"]
[BlackTeamCountry "ESP"]

1. e4 c5 2. Nf3 e6 3. c3 Nf6 4. d3 Nc6 5. h3 d6 6. g3 Be7 7. Bg2 0-0 8. 0-0 e5 9. Re1 h6 10. d4 exd4 11. cxd4 d5 12. e5 Ne4 13. Nc3 Bf5 14. Be3 cxd4 15. Nxd4 Nxc3 16. bxc3 Be6 17. f4 Qd7 18. g4 Nxd4 19. Qxd4 f5 20. exf6 Bxf6 21. Qd2 Rac8 22. Rac1 b6 23. Bd4 Bxd4+ 24. cxd4 Rc4 25. Rxc4 dxc4 26. d5 Rd8 27. d6 c3 28. Qxc3 Qxd6 29. a3 Bf7 30. Qg3 Qc5+ 31. Qe3 1/2-1/2

[Event "ESP-ch U16"]
[Site "Salobrena"]
[Date "2021.07.22"]
[Round "6"]
[White "Romeu Viladot, Emili"]
[Black "Garcia Molina, Jose"]
[Result "0-1"]
[WhiteElo "1758"]
[BlackElo "1923"]
[PlyCount "110"]
[EventDate "2021.07.19"]
[EventType "swiss"]
[EventRounds "9"]
[EventCountry "ESP"]
[SourceTitle "EXT 2022"]
[Source "ChessBase"]
[SourceDate "2021.10.06"]
[SourceVersion "1"]
[SourceVersionDate "2021.10.06"]
[SourceQuality "1"]

1. d4 Nf6 2. c4 c5 3. d5 b5 4. cxb5 a6 5. bxa6 g6 6. Nc3 Bg7 7. e4 0-0 8. Nf3 e6 9. Bc4 exd5 10. exd5 Re8+ 11. Ne2 Bxa6 12. Qc2 Nxd5 13. Bxd5 Bxe2 14. Be3 Bb5 15. Bxa8 Qa5+ 16. Qd2 Qxa8 17. a3 Qa4 18. Rc1 Na6 19. Qc2 Qg4 20. Qb3 Bc6 21. Kd2 Qxg2 22. Ng5 Qd5+ 23. Qxd5 Bxd5 24. Rhd1 Bxb2 25. Rb1 Bxa3 26. Kc2 Bc6 27. Kb3 Bb4 28. Ra1 Nc7 29. Rac1 Rb8 30. Ka2 Ra8+ 31. Kb1 h6 32. Bxc5 Bxc5 33. Rxc5 hxg5 34. Rxg5 Ne6 35. Rg3 Kg7 36. Kb2 Rh8 37. h3 Nf4 38. Rg4 Bf3 39. Rxd7 Bxg4 40. hxg4 Rh2 41. Rd2 Rxf2 42. Rxf2 Nd3+ 43. Kc3 Nxf2 44. Kd4 Nxg4 45. Ke4 f5+ 46. Kf4 Kf6 47. Kf3 Ne5+ 48. Kg3 g5 49. Kf2 f4 50. Kg2 g4 51. Kf2 Nd3+ 52. Kg2 f3+ 53. Kf1 g3 54. Kg1 Nf2 55. Kf1 Nh3 0-1

[Event "ESP-ch U14"]
[Site "Salobrena"]
[Date "2021.07.17"]
[Round "9"]
[White "Romeu Viladot, Emili"]
[Black "Lazaro Ascutia, Miguel"]
[Result "1-0"]
[WhiteElo "1758"]
[BlackElo "1567"]
[PlyCount "77"]
[EventDate "2021.07.12"]
[EventType "swiss"]
[EventRounds "9"]
[EventCountry "ESP"]
[SourceTitle "EXT 2022"]
[Source "ChessBase"]
[SourceDate "2021.10.06"]
[SourceVersion "1"]
[SourceVersionDate "2021.10.06"]
[SourceQuality "1"]

1. d4 d5 2. c4 e6 3. Nc3 Nf6 4. cxd5 exd5 5. Bg5 c6 6. Qc2 Nbd7 7. e3 Be7 8. Bd3 0-0 9. Nf3 Re8 10. 0-0 Nf8 11. Rab1 a5 12. a3 Ne4 13. Bxe7 Qxe7 14. Nd2 Nxd2 15. Qxd2 Ng6 16. Ne2 Nh4 17. Qc2 Qg5 18. Ng3 f5 19. f4 Qf6 20. Rfe1 Bd7 21. b4 axb4 22. Rxb4 b5 23. a4 Qf8 24. Qc5 Qxc5 25. dxc5 Rxa4 26. Rxa4 bxa4 27. Kf2 d4 28. e4 Ng6 29. Kf3 Nh4+ 30. Kf2 Ng6 31. Bc4+ Kf8 32. exf5 Rxe1 33. fxg6 Rh1 34. Nxh1 hxg6 35. Ng3 Ke7 36. Ne2 Be6 37. Bd3 Bf5 38. Bxf5 a3 39. Bb1 1-0

[Event "Salou Salauris op 1st"]
[Site "Salou"]
[Date "2021.06.27"]
[Round "7"]
[White "Benet Saniger, Xavier"]
[Black "Romeu Viladot, Emili"]
[Result "0-1"]
[WhiteElo "1710"]
[BlackElo "1728"]
[PlyCount "42"]
[EventDate "2021.06.25"]
[EventType "swiss"]
[EventRounds "7"]
[EventCountry "ESP"]
[SourceTitle "CBM 203 Extra"]
[Source "ChessBase"]
[SourceDate "2021.09.30"]
[SourceVersion "1"]
[SourceVersionDate "2021.09.30"]
[SourceQuality "1"]

1. c4 Nf6 2. d4 e6 3. Nf3 Bb4+ 4. Bd2 Qe7 5. Qc2 Bxd2+ 6. Nbxd2 c5 7. e3 Nc6 8. a3 b6 9. Bd3 Bb7 10. 0-0 0-0 11. Ng5 h6 12. Nh7 Nxh7 13. Bxh7+ Kh8 14. d5 Ne5 15. Be4 exd5 16. Bxd5 Bxd5 17. cxd5 f5 18. e4 fxe4 19. Qxe4 Rae8 20. f4 Ng4 21. Qg6 Qe3+ 0-1

[Event "ESP-ch U14"]
[Site "Salobrena"]
[Date "2020.08.06"]
[Round "6"]
[White "Romeu Viladot, Emili"]
[Black "Perez Bolanos, David"]
[Result "0-1"]
[WhiteElo "1723"]
[BlackElo "1956"]
[PlyCount "98"]
[EventDate "2020.08.03"]
[EventType "swiss"]
[EventRounds "9"]
[EventCountry "ESP"]
[SourceTitle "EXT 2021"]
[Source "ChessBase"]
[SourceDate "2020.10.23"]
[SourceVersion "1"]
[SourceVersionDate "2020.10.23"]
[SourceQuality "1"]

1. d4 Nf6 2. c4 e6 3. Nc3 c5 4. d5 exd5 5. cxd5 d6 6. e4 g6 7. Nf3 Bg7 8. Nd2 0-0 9. Be2 Re8 10. f3 a6 11. a4 Nh5 12. g3 Nf4 13. Nc4 Nxe2 14. Qxe2 Qc7 15. Bf4 Bf8 16. a5 Nd7 17. Na4 f5 18. 0-0 fxe4 19. fxe4 Nf6 20. Bxd6 Bxd6 21. Rxf6 Be5 22. Rb6 Bd4+ 23. Kg2 Qd7 24. Kf1 Rf8+ 25. Ke1 Rf2 26. Qxf2 Bxf2+ 27. Kxf2 Qf7+ 28. Ke3 Bg4 29. Ne5 Qe7 30. Nxg4 Qg5+ 31. Kd3 Qxg4 32. Nxc5 Qf3+ 33. Kd4 Qf2+ 34. Kc4 Rc8 35. b4 Qc2+ 36. Kd4 Qb2+ 37. Ke3 Qxa1 38. Rxb7 Rf8 39. Nd3 Qg1+ 40. Kd2 Qxh2+ 41. Kc3 Qxg3 42. Kd4 Qg1+ 43. Ke5 Re8+ 44. Kf4 g5+ 45. Kf5 Qf1+ 46. Kxg5 Qxd3 47. Kh6 Qh3+ 48. Kg5 Qg3+ 49. Kf6 Qe5# 0-1

[Event "Foment Martinenc op-B 21st"]
[Site "Barcelona"]
[Date "2019.06.08"]
[Round "7"]
[White "Gonzalez Muelas, Javier"]
[Black "Romeu Viladot, Emili"]
[Result "1-0"]
[WhiteElo "1608"]
[BlackElo "1660"]
[PlyCount "95"]
[EventDate "2019.04.27"]
[EventType "swiss"]
[EventRounds "9"]
[EventCountry "ESP"]
[SourceTitle "EXT 2020"]
[Source "ChessBase"]
[SourceDate "2019.10.17"]
[SourceVersion "1"]
[SourceVersionDate "2019.10.17"]
[SourceQuality "1"]

1. e4 c5 2. Nf3 d6 3. d4 cxd4 4. Nxd4 Nf6 5. Nc3 a6 6. Be2 e5 7. Nb3 Be7 8. Be3 Be6 9. f3 0-0 10. 0-0 d5 11. exd5 Nxd5 12. Nxd5 Bxd5 13. Qe1 Qc7 14. Bd3 f5 15. Rd1 Be6 16. Qa5 Qxa5 17. Nxa5 Bb4 18. Bc4 Bxc4 19. Nxc4 f4 20. Bf2 Nc6 21. c3 Ba5 22. Rd7 b5 23. Nxa5 Nxa5 24. Rfd1 Nc6 25. Bc5 Rfd8 26. Kf1 Rxd7 27. Rxd7 Rc8 28. Bd6 h6 29. Ke2 Kh7 30. Kd3 Kg6 31. Ke4 Kf6 32. Kd5 a5 33. Rc7 Rxc7 34. Bxc7 Ne7+ 35. Kc5 b4 36. Bd8 bxc3 37. bxc3 Ke6 38. Bxe7 Kxe7 39. Kd5 g5 40. Kxe5 Kd7 41. Kd5 Ke7 42. c4 Kd7 43. c5 a4 44. a3 Kc7 45. c6 Kc8 46. Kd6 h5 47. h3 h4 48. c7 1-0